[Event "DVM 2008 U20"]
[Site "Arendsee"]
[Date "2008.12.29"]
[Round "6.6"]
[White "Buchholz, Daniel"]
[Black "Sistig, Max"]
[Result "1/2-1/2"]
[WhiteElo "1467"]
[BlackElo "1810"]
[PlyCount "107"]
[EventDate "2008.??.??"]
[WhiteTeam "SV 1947 Walldorf"]
[BlackTeam "SG Porz"]

1. c4 Nf6 2. g3 g6 3. Bg2 Bg7 4. Nc3 O-O 5. Nf3 d6 6. d4 Nbd7 7. O-O e5 8. e3
c6 9. d5 c5 10. Nd2 Ne8 11. Nde4 f5 12. Nd2 g5 13. e4 f4 14. g4 h5 15. h3 Kf7
16. f3 Rh8 17. Kf2 a6 18. a4 Nc7 19. Rh1 Rb8 20. b3 b5 21. axb5 axb5 22. Qf1
bxc4 23. bxc4 Ba6 24. Ba3 Qf6 25. Qd1 Nb6 26. Qe2 hxg4 27. hxg4 Qe7 28. Rab1
Rxh1 29. Bxh1 Qd8 30. Bg2 Nd7 31. Qd1 Qh8 32. Rxb8 Qxb8 33. Qh1 Qh8 34. Qxh8
Bxh8 35. Na4 Bf6 36. Bb2 Bd8 37. Bc3 Ke7 38. Bf1 Bc8 39. Nb3 Na6 40. Na5 Bxa5
41. Bxa5 Nf6 42. Be2 Ne8 43. Ke1 Nac7 44. Kd2 Na8 45. Nb6 Nxb6 46. Bxb6 Kd7 47.
Bd1 Ke7 48. Be2 Nf6 49. Ba5 Bd7 50. Bd1 Be8 51. Ke2 Bd7 52. Kd2 Be8 53. Ke2 Bg6
54. Bc2 1/2-1/2

[Event "DVM 2008 U20"]
[Site "Arendsee"]
[Date "2008.12.29"]
[Round "6.1"]
[White "Bäumler, Ilja"]
[Black "Paul, Johannes"]
[Result "1-0"]
[WhiteElo "2192"]
[BlackElo "2038"]
[PlyCount "59"]
[EventDate "2008.??.??"]
[WhiteTeam "SK Nordhorn-Blanke"]
[BlackTeam "SG AE Magdeburg"]

1. e4 c5 2. c3 Nf6 3. e5 Nd5 4. d4 cxd4 5. cxd4 e6 6. Nc3 Nxc3 7. bxc3 d6 8. f4
Qh4+ 9. Ke2 Qd8 10. Nf3 Qc7 11. Bd2 Be7 12. Kf2 O-O 13. Bd3 f6 14. Re1 fxe5 15.
fxe5 dxe5 16. Qc2 exd4 17. Bxh7+ Kh8 18. Kg1 dxc3 19. Bxc3 Qc5+ 20. Kh1 Nc6 21.
Rac1 Qh5 22. Bg6 Qb5 23. Bd3 Qh5 24. Ne5 Bd6 25. Re3 Nxe5 26. Rh3 Qxh3 27. gxh3
Nxd3 28. Qxd3 Bf4 29. Qg6 e5 30. Rg1 1-0

[Event "DVM 2008 U20"]
[Site "Arendsee"]
[Date "2008.12.29"]
[Round "6.2"]
[White "Großmann, Susan"]
[Black "Baisakow, Alexander"]
[Result "0-1"]
[WhiteElo "1951"]
[BlackElo "2107"]
[PlyCount "152"]
[EventDate "2008.??.??"]
[WhiteTeam "SG AE Magdeburg"]
[BlackTeam "SK Nordhorn-Blanke"]

1. e4 c5 2. d3 g6 3. g3 Bg7 4. Bg2 Nc6 5. f4 e6 6. Nf3 Nge7 7. c3 d5 8. e5 b6
9. O-O Ba6 10. Re1 O-O 11. Na3 Rb8 12. Nc2 h5 13. Be3 Nf5 14. Bf2 Qe7 15. d4
cxd4 16. cxd4 Rfc8 17. Bf1 Bxf1 18. Rxf1 Nb4 19. Nfe1 Nxc2 20. Nxc2 a5 21. Qd2
Bf8 22. Rfc1 Qa7 23. Be1 Rc4 24. b3 Rc7 25. h3 Rbc8 26. g4 hxg4 27. hxg4 Nh6
28. Ne3 Bb4 29. Qd1 b5 30. Rxc7 Qxc7 31. Bxb4 axb4 32. Qd2 Qc3 33. Rd1 Kg7 34.
Qf2 Ra8 35. Qe2 Rxa2 36. Qxa2 Qxe3+ 37. Qf2 Qxb3 38. Rf1 Nxg4 39. Qf3 Qe3+ 40.
Qxe3 Nxe3 41. Rb1 g5 42. Kf2 gxf4 43. Kf3 Nc2 44. Rd1 b3 45. Kxf4 b4 46. Rd3 b2
47. Rg3+ Kh6 48. Rh3+ Kg7 49. Rg3+ Kf8 50. Rb3 Nxd4 51. Rxb2 Nc6 52. Rc2 Ne7
53. Kg5 Kg7 54. Rc7 Ng6 55. Rb7 Nxe5 56. Rxb4 Nf3+ 57. Kf4 Nd2 58. Ke3 Nc4+ 59.
Kd4 f5 60. Rb1 Kf6 61. Rh1 Ne5 62. Rh6+ Ng6 63. Rh1 f4 64. Rf1 Kf5 65. Rh1 Ne7
66. Kd3 e5 67. Ke2 e4 68. Rh5+ Ke6 69. Kf2 Nf5 70. Rg5 Ke5 71. Rg8 f3 72. Re8+
Kf4 73. Rf8 d4 74. Rf7 e3+ 75. Kf1 d3 76. Ra7 Ng3+ 0-1

[Event "DVM 2008 U20"]
[Site "Arendsee"]
[Date "2008.12.29"]
[Round "6.3"]
[White "Sanning, Nico"]
[Black "Schulz, Marcel"]
[Result "1-0"]
[WhiteElo "1957"]
[BlackElo "1840"]
[PlyCount "64"]
[EventDate "2008.??.??"]
[WhiteTeam "SK Nordhorn-Blanke"]
[BlackTeam "SG AE Magdeburg"]

1. e4 c5 2. c3 Nf6 3. e5 Nd5 4. d4 cxd4 5. Nf3 e6 6. cxd4 b6 7. Nbd2 Qc7 8. Bd3
Bb7 9. O-O d6 10. Ne4 Nd7 11. exd6 Bxd6 12. Bd2 O-O 13. Rc1 Qb8 14. Bb1 Be7 15.
Re1 N7f6 16. Ne5 Nxe4 17. Rxe4 Qd6 18. Rg4 Nf6 19. Rh4 Rac8 20. Bc3 Qd5 21. Nf3
Rfd8 22. Qd3 g6 23. Re1 Nd7 24. Rh3 Bf6 25. Qe3 Qd6 26. Qh6 Nf8 27. Ne5 Qe7 28.
a3 Bg5 29. Bb4 Qf6 30. Ng4 Qf4 31. Bd2 Qxd2 32. Nf6+ Kh8 1-0

[Event "DVM 2008 U20"]
[Site "Arendsee"]
[Date "2008.12.29"]
[Round "6.4"]
[White "Nieber, Alexander"]
[Black "van Akkeren, Arno"]
[Result "0-1"]
[WhiteElo "1796"]
[BlackElo "1864"]
[PlyCount "110"]
[EventDate "2008.??.??"]
[WhiteTeam "SG AE Magdeburg"]
[BlackTeam "SK Nordhorn-Blanke"]

1. d4 Nf6 2. c4 e6 3. Nc3 Bb4 4. Qc2 O-O 5. a3 Bxc3+ 6. Qxc3 Ne4 7. Qc2 d5 8.
Bf4 c6 9. e3 f5 10. Nf3 b6 11. cxd5 exd5 12. b4 Bb7 13. Bd3 Nd7 14. Ne5 Rc8 15.
O-O Nxe5 16. Bxe5 g6 17. Rfc1 Qe7 18. Qb2 Ng5 19. a4 Nf7 20. Bg3 h5 21. h3 h4
22. Bh2 Qe6 23. a5 Ra8 24. Qc2 Rac8 25. axb6 axb6 26. Ra7 Nd8 27. Rca1 b5 28.
Qc5 Rf7 29. Bf4 Qf6 30. Qb6 g5 31. Be5 Qe6 32. Kh2 g4 33. f3 g3+ 34. Kg1 Qh6
35. Bf4 Qg6 36. Bxb5 Rf6 37. Ba6 c5 38. Qb5 Rb6 39. Qa5 Rxa6 40. Rxa6 Qxa6 41.
Qxa6 Bxa6 42. Rxa6 cxd4 43. exd4 Nc6 44. Ra1 Nxd4 45. Bg5 f4 46. Kf1 Rc2 47.
Bxh4 Rf2+ 48. Kg1 Kf7 49. Bd8 Rd2 50. Bb6 Ne2+ 51. Kf1 Nc3 52. Re1 d4 53. Bc7
Nd5 54. Be5 d3 55. Bd4 Rc2 0-1

[Event "DVM 2008 U20"]
[Site "Arendsee"]
[Date "2008.12.29"]
[Round "6.5"]
[White "Kleinschmidt, Rene"]
[Black "Reichel, Matti"]
[Result "1/2-1/2"]
[WhiteElo "1916"]
[BlackElo "1767"]
[PlyCount "103"]
[EventDate "2008.??.??"]
[WhiteTeam "SK Nordhorn-Blanke"]
[BlackTeam "SG AE Magdeburg"]

1. e4 c5 2. c3 e6 3. d4 cxd4 4. cxd4 Nf6 5. Bd3 Nc6 6. Nf3 d5 7. e5 Nd7 8. Nc3
a6 9. O-O Be7 10. a3 b5 11. Ne2 f5 12. exf6 Nxf6 13. Re1 O-O 14. Bb1 Bd6 15.
Ng3 Qc7 16. Qd3 h6 17. Bd2 Bf4 18. Ba2 Bd7 19. Rac1 Bxd2 20. Qxd2 Qd6 21. Ne5
Be8 22. h3 Rc8 23. Rc3 Ne7 24. Rec1 Bf7 25. Bb1 Rxc3 26. Rxc3 Nd7 27. Qc2 Nf6
28. Rc7 Bg6 29. Nxg6 Nxg6 30. Rc6 Qd7 31. Rxa6 Ne7 32. Qe2 Kf7 33. Bd3 Nc6 34.
Bxb5 Nxd4 35. Bxd7 Nxe2+ 36. Nxe2 Nxd7 37. Nd4 e5 38. Ra7 Ke7 39. Nf3 Kd6 40.
Ra6+ Kc5 41. b4+ Kc4 42. Rd6 Nf6 43. Nxe5+ Kb3 44. Ra6 Re8 45. Nf3 Re7 46. b5
Kc4 47. a4 Rb7 48. Ne5+ Kc5 49. Nd3+ Kc4 50. Ne5+ Kc5 51. Nd3+ Kc4 52. Ne5+
1/2-1/2

[Event "DVM 2008 U20"]
[Site "Arendsee"]
[Date "2008.12.29"]
[Round "6.6"]
[White "Rickmann, David"]
[Black "Rickling, Renee"]
[Result "0-1"]
[WhiteElo "1639"]
[BlackElo "1700"]
[PlyCount "96"]
[EventDate "2008.??.??"]
[WhiteTeam "SG AE Magdeburg"]
[BlackTeam "SK Nordhorn-Blanke"]

1. e4 d5 2. exd5 Qxd5 3. Nc3 Qa5 4. Bc4 Bf5 5. d4 c6 6. Nge2 Nf6 7. O-O e6 8.
Bd2 Qc7 9. Ng3 Bg6 10. f4 Bd6 11. Be1 O-O 12. Qd2 Nbd7 13. Kh1 Nb6 14. Bb3 Nbd5
15. Nce2 Ne4 16. Nxe4 Bxe4 17. c4 Bb4 18. Nc3 Nxc3 19. bxc3 Be7 20. Bg3 Qa5 21.
Rae1 Bf5 22. Re5 Qd8 23. Rfe1 Bf6 24. R5e2 Qa5 25. h3 Rfd8 26. Bf2 Rac8 27. g4
Bg6 28. Qe3 c5 29. f5 cxd4 30. cxd4 Bxd4 31. Qxd4 Rxd4 32. Bxd4 Bxf5 33. gxf5
Qxf5 34. Re3 Rd8 35. Bxa7 Qa5 36. Bb8 Rxb8 37. Re5 Qc3 38. R1e3 Qc1+ 39. Re1
Qh6 40. R5e3 Rd8 41. R1e2 Qf4 42. Kg2 Qg5+ 43. Rg3 Qc1 44. Rge3 Rd2 45. Kg3
Qg1+ 46. Kh4 Rxe2 47. Rxe2 g5+ 48. Kh5 Qg3 0-1

[Event "DVM 2008 U20"]
[Site "Arendsee"]
[Date "2008.12.29"]
[Round "6.1"]
[White "Siebarth, Raiko"]
[Black "Högy, Kevin"]
[Result "0-1"]
[WhiteElo "2267"]
[BlackElo "1972"]
[PlyCount "90"]
[EventDate "2008.??.??"]
[WhiteTeam "SG Blau-Weiß Stadtilm"]
[BlackTeam "Sfr.Neuberg"]

1. e4 g6 2. Nc3 Bg7 3. f4 c5 4. Nf3 Nc6 5. Bc4 e6 6. O-O Nge7 7. Qe1 O-O 8. d3
d5 9. Bb3 Nd4 10. Nxd4 cxd4 11. Ne2 a5 12. a4 dxe4 13. dxe4 d3 14. Ng3 dxc2 15.
Bxc2 Nc6 16. Ra3 e5 17. f5 Nd4 18. Bb1 Bd7 19. Ne2 Bc6 20. Nxd4 Qxd4+ 21. Kh1
gxf5 22. exf5 Bf6 23. Qe2 Kh8 24. Rh3 Bh4 25. Be3 Qxa4 26. Bc2 Qb5 27. Bd3 Qa4
28. b3 Qb4 29. Bd2 Qd4 30. Be3 Qb4 31. Kg1 Rg8 32. g3 Rg4 33. Bc4 Rag8 34. Kf2
Qe7 35. Ke1 Bf6 36. Rh6 Bg5 37. Bxg5 R8xg5 38. Bd3 f6 39. Qd2 Rd4 40. Qc3 Qd8
41. Be2 Kg7 42. h4 Rgg4 43. Qc1 Rge4 44. Rh5 Rxe2+ 45. Kxe2 Re4+ 0-1

[Event "DVM 2008 U20"]
[Site "Arendsee"]
[Date "2008.12.29"]
[Round "6.2"]
[White "Knickel, Aaron"]
[Black "Schneider, Christian"]
[Result "1/2-1/2"]
[WhiteElo "2085"]
[BlackElo "2088"]
[PlyCount "84"]
[EventDate "2008.??.??"]
[WhiteTeam "Sfr.Neuberg"]
[BlackTeam "SG Blau-Weiß Stadtilm"]

1. g3 d5 2. Bg2 e5 3. d3 c6 4. Nd2 Be6 5. e4 dxe4 6. dxe4 Bc5 7. Ngf3 f6 8. Qe2
b5 9. a4 a6 10. Nf1 Ne7 11. Ne3 Nd7 12. Bd2 O-O 13. O-O Nb6 14. axb5 cxb5 15.
Rfd1 Qc8 16. Ba5 Bxe3 17. Qxe3 Nc4 18. Qc1 Nxa5 19. Rxa5 Nc6 20. Ra1 Bg4 21. c3
Qc7 22. Rd5 Na5 23. Nd2 Be6 24. Rd3 Bc4 25. Re3 Rfd8 26. b4 Rxd2 27. Qxd2 Nb3
28. Qb2 Nxa1 29. Qxa1 a5 30. bxa5 Qxa5 31. Qxa5 Rxa5 32. Re1 Ra2 33. Rc1 Kf7
34. Bf1 Ke6 35. Bxc4+ bxc4 36. h4 h5 37. Kg2 Kd6 38. Kf3 Kc6 39. Ke3 g6 40. Kf3
Rb2 41. Ra1 Rb3 42. Ra6+ Rb6 1/2-1/2

[Event "DVM 2008 U20"]
[Site "Arendsee"]
[Date "2008.12.29"]
[Round "6.3"]
[White "Wolff, Christoph"]
[Black "Seifert, Christopher"]
[Result "1/2-1/2"]
[WhiteElo "1718"]
[BlackElo "2133"]
[PlyCount "41"]
[EventDate "2008.??.??"]
[WhiteTeam "SG Blau-Weiß Stadtilm"]
[BlackTeam "Sfr.Neuberg"]

1. e4 c5 2. Nc3 g6 3. f4 Bg7 4. Nf3 e6 5. Bc4 Ne7 6. d3 Nbc6 7. O-O O-O 8. Qe1
Nd4 9. Nxd4 cxd4 10. Ne2 d5 11. Bb3 dxe4 12. dxe4 d3 13. Ng3 dxc2 14. Bxc2 Nc6
15. e5 Nd4 16. Be4 Nf5 17. Kh1 Qb6 18. Qc3 Bd7 19. Nxf5 exf5 20. Be3 Qa6 21.
Bd3 1/2-1/2

[Event "DVM 2008 U20"]
[Site "Arendsee"]
[Date "2008.12.29"]
[Round "6.4"]
[White "Hummel, Dennis"]
[Black "Berner, Stephan"]
[Result "1/2-1/2"]
[WhiteElo "1814"]
[BlackElo "1867"]
[PlyCount "43"]
[EventDate "2008.??.??"]
[WhiteTeam "Sfr.Neuberg"]
[BlackTeam "SG Blau-Weiß Stadtilm"]

1. e4 c6 2. d4 d5 3. e5 Bf5 4. Nf3 e6 5. Be2 Nd7 6. Nbd2 Ne7 7. Nb3 Qc7 8. O-O
c5 9. Nxc5 Nxc5 10. dxc5 Nc6 11. Be3 Be7 12. Nd4 Qxe5 13. Bb5 Rc8 14. c4 O-O
15. Nxf5 Qxf5 16. cxd5 exd5 17. Bd3 Qf6 18. Qh5 g6 19. Qxd5 Nb4 20. Qb3 Nxd3
21. Qxd3 Bxc5 22. Rac1 1/2-1/2

[Event "DVM 2008 U20"]
[Site "Arendsee"]
[Date "2008.12.29"]
[Round "6.5"]
[White "Hoffmann, Lena"]
[Black "Iwanziw, Niklas"]
[Result "1/2-1/2"]
[WhiteElo "1635"]
[BlackElo "1772"]
[PlyCount "81"]
[EventDate "2008.??.??"]
[WhiteTeam "SG Blau-Weiß Stadtilm"]
[BlackTeam "Sfr.Neuberg"]

1. e4 c5 2. Nc3 e6 3. g3 a6 4. Bg2 Nc6 5. d3 g6 6. f4 d6 7. Nf3 Bg7 8. O-O Nge7
9. Be3 Qc7 10. Qd2 O-O 11. Qf2 Rb8 12. e5 dxe5 13. fxe5 Nxe5 14. Nxe5 Bxe5 15.
Bxc5 b6 16. Be3 Nf5 17. Bf4 Bxf4 18. Qxf4 Qxf4 19. Rxf4 Ne3 20. Rf2 Nxg2 21.
Kxg2 Bb7+ 22. Kg1 Rbc8 23. Raf1 Rc7 24. Nd1 b5 25. c3 Kg7 26. Rf6 Rd8 27. d4
Rdd7 28. a3 a5 29. R6f2 Re7 30. Re1 h5 31. Re3 Red7 32. Re5 Rd5 33. Rfe2 Rcd7
34. Nf2 Ba6 35. R2e3 b4 36. axb4 axb4 37. Rxd5 exd5 38. Nh3 Rb7 39. Nf4 Bc4 40.
h3 bxc3 41. bxc3 1/2-1/2

[Event "DVM 2008 U20"]
[Site "Arendsee"]
[Date "2008.12.29"]
[Round "6.6"]
[White "Bluhm, Achim"]
[Black "Schröter, Maik"]
[Result "1-0"]
[WhiteElo "1644"]
[BlackElo "1548"]
[PlyCount "70"]
[EventDate "2008.??.??"]
[WhiteTeam "Sfr.Neuberg"]
[BlackTeam "SG Blau-Weiß Stadtilm"]

1. d4 d5 2. c4 e6 3. Nc3 Nf6 4. Bg5 Nbd7 5. Nf3 Be7 6. e3 O-O 7. Bd3 dxc4 8.
Bxc4 c6 9. O-O b6 10. Qc2 Bb7 11. Rfd1 h6 12. Bh4 Rc8 13. Rac1 Re8 14. Qe2 Qc7
15. Bg3 Bd6 16. Bxd6 Qxd6 17. e4 Qb8 18. e5 Nd5 19. Ne4 Rc7 20. Nd6 Rd8 21.
Bxd5 cxd5 22. Nh4 Nf8 23. f4 Bc8 24. g4 Rdd7 25. g5 hxg5 26. fxg5 Rxc1 27. Rxc1
Rc7 28. Rc3 Rxc3 29. bxc3 Qc7 30. Qd3 g6 31. Ng2 Bd7 32. Ne3 Qd8 33. h4 Nh7 34.
Ng4 Kg7 35. Qf3 Be8 1-0

[Event "DVM 2008 U20"]
[Site "Arendsee"]
[Date "2008.12.29"]
[Round "6.1"]
[White "Wittenberg, Andreas"]
[Black "Eidner, Falk"]
[Result "1/2-1/2"]
[WhiteElo "2011"]
[BlackElo "1993"]
[PlyCount "72"]
[EventDate "2008.??.??"]
[WhiteTeam "SV Mülheim-Nord 1931"]
[BlackTeam "USG Chemnitz"]

1. d4 Nf6 2. Nf3 e6 3. e3 b6 4. Bd3 Bb7 5. O-O Be7 6. c4 O-O 7. Nc3 Bb4 8. Qc2
d5 9. cxd5 exd5 10. Rd1 Qe7 11. a3 Bxc3 12. bxc3 Nbd7 13. a4 c5 14. Ba3 Rfd8
15. Rdb1 Ne4 16. a5 g6 17. Bb5 Qf6 18. Bb2 Bc6 19. Bf1 c4 20. Ba3 bxa5 21. Bc1
a4 22. Ne1 Nb6 23. g3 Bd7 24. f3 Ng5 25. Bg2 Re8 26. e4 h6 27. h4 Nh3+ 28. Kh2
Qe6 29. g4 dxe4 30. Bxh3 Qd6+ 31. f4 e3 32. Ng2 Nd5 33. Ba3 Qc7 34. Rf1 g5 35.
hxg5 hxg5 36. Kg3 e2 1/2-1/2

[Event "DVM 2008 U20"]
[Site "Arendsee"]
[Date "2008.12.29"]
[Round "6.2"]
[White "Schätz, Christopher"]
[Black "Bömelburg, Raphael"]
[Result "1/2-1/2"]
[WhiteElo "1888"]
[BlackElo "1910"]
[PlyCount "41"]
[EventDate "2008.??.??"]
[WhiteTeam "USG Chemnitz"]
[BlackTeam "SV Mülheim-Nord 1931"]

1. e4 e6 2. d4 d5 3. Nc3 Bb4 4. e5 c5 5. a3 Bxc3+ 6. bxc3 Ne7 7. Nf3 Qc7 8. Bd3
Nbc6 9. O-O Bd7 10. a4 c4 11. Be2 f6 12. Re1 Ng6 13. Ba3 fxe5 14. Nxe5 Ncxe5
15. dxe5 Nxe5 16. Qd4 O-O-O 17. Qxa7 Nc6 18. Qc5 b6 19. Qe3 e5 20. Qg3 Bf5 21.
Bg4 1/2-1/2

[Event "DVM 2008 U20"]
[Site "Arendsee"]
[Date "2008.12.29"]
[Round "6.3"]
[White "Kelm, Marcel"]
[Black "Rosenblatt, Marcus"]
[Result "0-1"]
[WhiteElo "1850"]
[BlackElo "1936"]
[PlyCount "76"]
[EventDate "2008.??.??"]
[WhiteTeam "SV Mülheim-Nord 1931"]
[BlackTeam "USG Chemnitz"]

1. c4 Nf6 2. Nc3 g6 3. g3 Bg7 4. Bg2 O-O 5. d3 d6 6. e4 Nc6 7. Nge2 a6 8. O-O
Rb8 9. f4 e5 10. a4 Nd7 11. f5 Nc5 12. Nd5 Re8 13. f6 Bf8 14. b4 Ne6 15. Be3
Ncd4 16. Rb1 c6 17. Ndc3 Bd7 18. Qc1 h5 19. Bh6 Kh7 20. Bxf8 Rxf8 21. h3 a5 22.
Nxd4 exd4 23. Ne2 axb4 24. Qe1 Qa5 25. g4 hxg4 26. Rf5 gxf5 27. Qh4+ Kg6 28.
exf5+ Qxf5 29. Be4 Qxe4 30. dxe4 Rh8 31. Qxg4+ Kxf6 32. Qf5+ Ke7 33. Kf2 Rbg8
34. Ng1 Ng5 35. Qf4 Rxh3 36. Ke2 Re3+ 37. Kd2 Nxe4+ 38. Kc2 Rg2+ 0-1

[Event "DVM 2008 U20"]
[Site "Arendsee"]
[Date "2008.12.29"]
[Round "6.5"]
[White "Messing, Simon"]
[Black "Klebanov, Andrej"]
[Result "1-0"]
[WhiteElo "1642"]
[BlackElo "1863"]
[PlyCount "40"]
[EventDate "2008.??.??"]
[WhiteTeam "SV Mülheim-Nord 1931"]
[BlackTeam "USG Chemnitz"]

1. c4 e6 2. d4 d5 3. Nc3 Nf6 4. Nf3 b6 5. Bg5 Be7 6. e3 Bb7 7. cxd5 Nxd5 8.
Bxe7 Qxe7 9. Bd3 h6 10. Rc1 O-O 11. O-O Rc8 12. Ne5 Nd7 13. Nxd5 Bxd5 14. Nc6
Qd6 15. Qc2 a5 16. Bb5 Kf8 17. e4 Bxc6 18. Bxc6 Ra7 19. e5 Qb4 20. Bxd7 Raa8
1-0